Normal view
MARC view
Entry Personal Name
001 - CONTROL NUMBER
- control field: 55079
003 - CONTROL NUMBER IDENTIFIER
- control field: OSt
005 - DATE AND TIME OF LATEST TRANSACTION
- control field: 20241028111851.0
008 - FIXED-LENGTH DATA ELEMENTS
- fixed length control field: 241028|| aca||aabn | a|a d
040 ## - CATALOGING SOURCE
- Original cataloging agency: OSt
- Transcribing agency: OSt
100 ## - HEADING--PERSONAL NAME
- Personal name: အဂ္ဂဇေယျ၊ အရှင်(ရွှေမိုးမြေ)။
670 ## - SOURCE DATA FOUND
- Source citation: Work cat.: (OSt)16757: အဂ္ဂဇေယျ၊ အရှင်(ရွှေမိုးမြေ)။, အမှတ်တရကုသိုလ်လက်ဆောင် /, ၂၀၀၃။